000 00609nam a22001937a 4500
010 _aB-228818
035 _aB-228818
037 _bCen Lib / Ret
040 _aDPL
_bEn
082 _a510
_bANA
100 _aAnanta Ashisha
_9139188
245 _aQuantitative aptitude for CAT /
_cby Ananta Sshisha
260 _aNew Delhi
_bGBD Books
_c2006
270 _a16 Ansari Road, Darya Ganj
_bNew Delhi
_e110002
300 _avarious pages ;
_c27cm(Hb)
650 _aMathematics -- Problems, exercises, etc.
_9139189
650 _aEDUCATION -- Evaluation.
_9139190
942 _2ddc
_cEN
_h510
_mANA
999 _c136284
_d136284